2000 1147 1265 1209 1228 1517 1287 1342 1624 1843 1492 1847 1246 1400 1486 1503 1764 1196 1742 1460 1312 1268 1040 1241 1102 1114 1994 1019 1697 1146 1051 1668 1299 1843 1270 1012 1279 1182 1892 1985 1506 1589 1059 1740 1028 1939 1536 1894 1471 1878 1039 1322 1171 1639 1928 1056 1722 1935 1254 1537 1561 1362 1082 1934 1994 1293 1701 1351 1120 1935 1613 1482 1637 1115 1090 1174 1129 1749 1793 1765 1492 1819 1674 1064 1160 1843 1991 1108 1741 1518 1878 1482 1228 1218 1913 1807 1040 1598 1795 BCNSPRNW ULIB Ver.6.0+V

เปลี่ยนเป็นภาษาไทย

Change to English
 แสดงรายละเอียดบรรณานุกรม
  กลับหน้าหลัก

Brief Record : Get Marc (ISO 2709) : E-mail record : QR code < ปิดหน้าต่าง
LEADER : 00000nam 2200000uu 4500
001    13399110306
003     ULIB
008    110428s2545||||th 000 0 tha d
020    9745346152
060  4 WM203.5^bง331ผ 2545
100 0  งามตา พัวศิริรักษ์
245 10 ผมไม่ใช่ออทิสติก 100% เปิดประตูสู่ "แอสเพอร์เกอร์ซินโดรม"/^cงามตา พัวศิริรักษ์
260    กรุงเทพฯ :^bชมรมเพื่อบุคคลแอสเพอร์เกอร์,^c2545
300    160 หน้า :^bภาพประกอบ
650  4 เด็กออทิสติก
650  4 ออติสมในเด็ก
650  4 แอสเพอร์เกอร์ซินโดรม
650  4 เด็ก^xโรค
945    ^p148^l0^i015316
945    ^p148^l0^i015314
945    ^p148^l0^i015315
995    ทศพร
999 ^a ใช้งานได้ทุกระบบ
รายการนี้ยังไม่มีแท็ก
คุณยังไม่ได้ล็อกอิน คุณสามารถมีกิจกรรมร่วมกับเว็บไซต์ได้ แต่ต้องล็อกอินก่อน ::
  ล็อกอิน

รายการสื่อสารสนเทศ

ลำดับที่ ประเภท เลขเรียก/บาร์โค้ด สถานที่ สถานะ
- ไม่พบข้อมูล -

รายการใกล้เคียง
    หัวเรื่อง [เด็กออทิสติก]
    หัวเรื่อง [ออติสมในเด็ก]

BibComment


ยังไม่เคยถูกคอมเมนท์

คอมเมนท์ทรัพยากรรายการนี้
  คอมเมนท์: ผมไม่ใช่ออทิสติก ..


 Copyright 2026. Bcnsprnw @Library